000 00344nam a2200133Ia 4500
005 20260328104249.0
008 260328s9999||||xx |||||||||||||| ||und||
100 _aGorlin, Alexander
245 0 _aTomorrow´s Houses :
_b New England Modernism /
_cAlexander Gorlin
260 _bRizzoli
300 _a256 p.
650 _aVIVIENDA
942 _cBK
999 _c10180
_d10180